000 00445nam a2200145Ia 4500
008 180921t1938 xxu||||| ||||o00| 0 eng d
041 _aeng
245 _aCeylon Sessional Papers : Administration Report of The Chairman of The Municipal Council of Galle For The Year 1937
260 _c1938
300 _ap.2-37, 28 cm
500 _aVol.ii
_aSessional Paper xxv-1938
942 _cBK
999 _c45036
_d45036
003 LK-CoDNM
040 _aLK-CoDNM
_dLK-CoDNM
_eLK-CoDNM